Statystyki dla Rozsypanka Literowa - Największe Miasta Polski

Kliknij tutaj aby rozwiązać quiz!

Ogólne statystyki

  • Ten quiz został rozwiązany 13 038 razy
  • Średni wynik to 14 z 20

Statystyki odpowiedzi

Miasto% Poprawnych
Łódź
93%
Wrocław
90%
Toruń
89%
Warszawa
89%
Płock
88%
Gdańsk
87%
Kraków
87%
Opole
86%
Tychy
86%
Poznań
85%
Lublin
84%
Bytom
83%
Elbląg
82%
Bydgoszcz
79%
Kielce
78%
Częstochowa
77%
Gdynia
77%
Radom
74%
Szczecin
70%
Gliwice
68%
Rzeszów
68%
Białystok
66%
Chorzów
66%
Włocławek
65%
Tarnów
63%
Zabrze
63%
Rybnik
60%
Bielsko-Biała
58%
Kalisz
58%
Katowice
58%
Olsztyn
55%
Ruda Śląska
54%
Wałbrzych
53%
Sosnowiec
45%
Zielona Góra
45%
Gorzów Wielkopolski
40%
Legnica
39%
Koszalin
34%
Dąbrowa Górnicza
25%

Rozkład punktacji

Percentyl według liczby udzielonych odpowiedzi

Procent ludzi z każdym wynikiem

Twoja historia wyników

Nie rozwiązałeś tego quizu